Business Meets the Humanities : The Human Perspective in University-Industry Collaboration.

Bibliographic Details
Main Author: Mahnke, Martina Skrubbeltrang.
Other Authors: Nielsen, Mikka., Petersen, Matilde Lykkebo., Tjørring, Lise.
Format: eBook
Language:English
Published: Milton : Taylor & Francis Group, 2022.
Edition:1st ed.
Series:Routledge Studies in Management, Organizations and Society Series
Subjects:
Online Access:Click to View
LEADER 01745nam a22004093i 4500
001 EBC7244936
003 MiAaPQ
005 20231204023228.0
006 m o d |
007 cr cnu||||||||
008 231204s2022 xx o ||||0 eng d
020 |a 9781000782202  |q (electronic bk.) 
020 |z 9781032050102 
035 |a (MiAaPQ)EBC7244936 
035 |a (Au-PeEL)EBL7244936 
035 |a (OCoLC)1354535435 
040 |a MiAaPQ  |b eng  |e rda  |e pn  |c MiAaPQ  |d MiAaPQ 
100 1 |a Mahnke, Martina Skrubbeltrang. 
245 1 0 |a Business Meets the Humanities :  |b The Human Perspective in University-Industry Collaboration. 
250 |a 1st ed. 
264 1 |a Milton :  |b Taylor & Francis Group,  |c 2022. 
264 4 |c ©2023. 
300 |a 1 online resource (199 pages) 
336 |a text  |b txt  |2 rdacontent 
337 |a computer  |b c  |2 rdamedia 
338 |a online resource  |b cr  |2 rdacarrier 
490 1 |a Routledge Studies in Management, Organizations and Society Series 
588 |a Description based on publisher supplied metadata and other sources. 
590 |a Electronic reproduction. Ann Arbor, Michigan : ProQuest Ebook Central, 2023. Available via World Wide Web. Access may be limited to ProQuest Ebook Central affiliated libraries.  
655 4 |a Electronic books. 
700 1 |a Nielsen, Mikka. 
700 1 |a Petersen, Matilde Lykkebo. 
700 1 |a Tjørring, Lise. 
776 0 8 |i Print version:  |a Mahnke, Martina Skrubbeltrang  |t Business Meets the Humanities  |d Milton : Taylor & Francis Group,c2022  |z 9781032050102 
797 2 |a ProQuest (Firm) 
830 0 |a Routledge Studies in Management, Organizations and Society Series 
856 4 0 |u https://ebookcentral.proquest.com/lib/matrademy/detail.action?docID=7244936  |z Click to View